| 000 | 02058nam0a2200445 4500 | ||
|---|---|---|---|
| 001 | RU\NLR\bibl\1849236 | ||
| 005 | 20250616174918.0 | ||
| 021 |
_aRU _b2011-95605 _96861 |
||
| 035 | _a(nilc)RSL-KNO-005108117 | ||
| 035 | _a(NLR Aleph) 001839643 | ||
| 090 |
_a2254353 _c2254353 |
||
| 100 | _a20111205d2011 |||y0rusy50 ca | ||
| 101 | 0 |
_arus _deng |
|
| 102 | _aRU | ||
| 105 | _aa ||||||||| | ||
| 200 | 1 |
_aУстройство управления шаговым двигателем ШДИ-200 _fА.В. Калмыков, О.В. Стрекаловский, Е.В. Стрекаловская |
|
| 210 |
_aДубна _cиздательский отдел Объединенного института ядерных исследований _d2011 |
||
| 215 |
_a9, [1] с. _cил. _d22 |
||
| 225 | 1 |
_aСообщения Объединенного института ядерных исследований, Дубна _vР13-2011-50 |
|
| 300 | _aРез. на англ. яз. | ||
| 606 |
_aШаговые электродвигатели _xУправление _92500922 _3RU\NLR\AUTH\6601698780 |
||
| 606 | 1 |
_aИРЕН, источник нейтронов _92216403 _3RU\NLR\auth\661331149 |
|
| 606 | 1 |
_aЛинейные ускорители электронов _xСтендовые испытания _92124447 _3RU\NLR\auth\661586210 |
|
| 606 | 1 |
_aЛУЭ-200, линейный ускоритель электронов _92216404 _3RU\NLR\auth\661331150 |
|
| 686 |
_aЗ965.7-044.354,0 _2rubbk |
||
| 686 |
_aВ381.93,0 _2rubbk |
||
| 686 | _aВ381.13 | ||
| 686 | _aВ381.25 | ||
| 700 | 1 |
_aКалмыков _bА. В. _gАлександр Викторович _4070 |
|
| 701 | 1 |
_aСтрекаловский _bО. В. _gОлег Викторович _4070 |
|
| 701 | 1 |
_aСтрекаловская _bЕ. В. _4070 |
|
| 801 | 0 |
_aRU _bRuMoRKP _c20111205 _grcr |
|
| 801 | 1 |
_aRU _bРГБ _c20111205 |
|
| 801 | 2 |
_aRU _bNLR _c20111215 _grcr |
|
| 830 | _aАвт. по ЭК. | ||
| 942 | _cBOOK | ||
| 980 | _aNB | ||
| 980 | _aNBR | ||